000 00242nam a2200085Ia 4500
008 170620s9999 xx 000 0 und d
100 _aOod- Lakshmi Lal K. (Hindi)
245 0 _aShaikshik Prasasan (Hindi)
260 _bJaipur- Rajasthan Hindi Granth Academy
260 _c2002
999 _c23744
_d23744